| 000 | 00354nam a2200133Ia 4500 | ||
|---|---|---|---|
| 005 | 20251222141917.0 | ||
| 008 | 251222s9999||||xx |||||||||||||| ||spa|| | ||
| 020 | _a968-6037-98-5 | ||
| 082 | _a657.046/M86 | ||
| 100 | _aMoreno Fernández, Joaquín | ||
| 245 | 0 | _aContabilidad Superior | |
| 264 | _bInstituto Mexicano de Contadores Públicos | ||
| 942 | _cLIB | ||
| 999 |
_c8576 _d8576 |
||